| 000 | 00953nam a22003011 4500 | ||
|---|---|---|---|
| 001 | 012 | ||
| 003 | DO-SdBPM | ||
| 005 | 20251028085002.0 | ||
| 007 | ta | ||
| 008 | 940725s1969 sp spa | ||
| 017 |
_a _b |
||
| 035 | _a | ||
| 040 |
_aDO-SdBPM _bspa _cBPMSU _erda |
||
| 082 | 4 |
_aM863.6 _bN234m 1969 _222 |
|
| 245 | 1 | 0 |
_aNarrativa mexicana de hoy / _cPrólogo, seleccion y notas de Emmanuel Carballo _h |
| 264 |
_aMadrid : _bAlianza Editorial, _c1969 |
||
| 300 |
_a268 páginas _c19 cm |
||
| 336 |
_atexto _btxt _2rdacontent |
||
| 337 |
_asin mediación _bn _2rdamedia |
||
| 338 |
_avolumen _bnc _2rdacarrier |
||
| 490 | 0 |
_aEl Libro de Bolsillo. Seccion "Literatura", _v221 |
|
| 590 | _aInventariado, 2025/VM | ||
| 650 | 7 |
_aNovela mexicana _y _2 |
|
| 650 | 7 |
_aLiteratura mexicana _xHistoria y crítica |
|
| 700 | 1 |
_aCarballo, Emmanuel _d1929-2014 _eprólogo |
|
| 910 | _aVMateo V. Control de calidad. BPMSU | ||
| 942 |
_2ddc _cBK |
||
| 999 |
_c11197 _d11197 |
||